000 00357nam a2200157Ia 4500
003 OSt
005 20240514170603.0
008 170524s9999 xx 000 0 und d
020 _a978-1259002465
040 _cIIMT UNIVERSITY
100 _aSchildt -Herbert
245 4 _aJava The Complete Reference
260 _bTMH
260 _c2010
942 _2ddc
_c02
999 _c5907
_d5907